| 000 | 00814nam a2200217 i 4500 | ||
|---|---|---|---|
| 001 | 138533 | ||
| 003 | ES-MaACL | ||
| 005 | 20240516220131.0 | ||
| 007 | t| | ||
| 008 | 070214s1967 sp r ||||1| spa d | ||
| 100 | 1 |
_aSans Falguera, Pedro. _9103205 |
|
| 240 | _aDon Quijote de la Mancha | ||
| 245 | 1 | 3 |
_aEl ingenioso hidalgo Don Quijote de la Mancha de Miguel de Cervantes Saavedra / _cadaptación teatral y cinematográfica de Pedro Sans Falguera. |
| 260 |
_aTortosa : _bArimany, _c1967. |
||
| 300 |
_a206 p., 8 lám. ; _c22 cm. |
||
| 600 | 1 | 4 |
_aCervantes Saavedra, Miguel de, _d1547-1616. _tDon Quijote de la Mancha- _xAdaptaciones cinematográficas _937613 |
| 700 | 1 |
_aCervantes Saavedra, Miguel de, _d1547-1616 _9226514 |
|
| 852 |
_aES-MaACL _jC-33595 _bR.63828 |
||
| 942 | _2udc | ||
| 999 |
_c138533 _d138533 |
||